| 000 | 00932nas a2200277 4500 | ||
|---|---|---|---|
| 001 | BR8600597 | ||
| 003 | BR-BrBNA | ||
| 005 | 20231205090336.0 | ||
| 007 | ta | ||
| 008 | 230509b bl.|||p| |||| 00| 00por d | ||
| 040 |
_aBR-BrBNA _bpor _cBiblioteca Nacional de Agricultura |
||
| 041 | _a(Pt) | ||
| 072 | _aF62 | ||
| 100 | 1 | _aCastro, P.R.C. | |
| 100 | 1 | _aGamero, C.A. | |
| 100 | 1 | _aBull, L.T. | |
| 100 | 1 | _aLima, S.L. | |
| 245 | 1 | _aInfluencia de diferentes substratos na germinacao e desenvolvimento de plantulas de Vigna sinensis | |
| 246 | 1 | _aInfluence of different substrata on germination and growth of Vigna sinensis seedlings | |
| 650 | _aFEIJAO DE CORDA | ||
| 650 | _aGERMINACAO | ||
| 650 | _aPLANTULA | ||
| 773 | 0 |
_tAnais da Escola Superior de Agricultura Luiz de Queiroz (Brazil) _xISSN 0071-1276 _g(1983), v. 40(2) p. 1307-1317 _wBR8600597 |
|
| 909 |
_a202311 _bLúcia _c55 _dLúcia Elande |
||
| 942 |
_2AGRIS _n0 _cANA |
||
| 999 |
_c117734 _d117734 |
||